BREAST IMAGING A CORRELATIVE ATLAS / (Record no. 796147)

MARC details
000 -LEADER
fixed length control field 00485pam a2200181 a 4500
020 ## - INTERNATIONAL STANDARD BOOK NUMBER
International Standard Book Number 3131319518
Terms of availability 9762.60
041 ## - LANGUAGE CODE
Language code of text/sound track or separate title eng
Language code of original NULL
082 ## - DEWEY DECIMAL CLASSIFICATION NUMBER
Classification number 618.190754
Item number HAS/BAU
100 ## - MAIN ENTRY--PERSONAL NAME
Personal name HASHIMOTO, B .
245 ## - TITLE STATEMENT
Title BREAST IMAGING A CORRELATIVE ATLAS /
Statement of responsibility, etc. NULL.
Medium Textual Documents
260 ## - PUBLICATION, DISTRIBUTION, ETC.
Place of publication, distribution, etc. NULL :
Name of publisher, distributor, etc. THIEME ,
Date of publication, distribution, etc. 2003.
300 ## - PHYSICAL DESCRIPTION
Extent 536 :
Other physical details XXLL ;
Dimensions A4 .
365 ## - TRADE PRICE
Price type code 9762.60
650 ## - SUBJECT ADDED ENTRY--TOPICAL TERM
Topical term or geographic name entry element OBST.GYNE
700 ## - ADDED ENTRY--PERSONAL NAME
Personal name BAUERMEIESTER, D .
930 ## - EQUIVALENCE OR CROSS-REFERENCE-UNIFORM TITLE HEADING [LOCAL, CANADA]
Uniform title 1611
Holdings
Withdrawn status Lost status Damaged status Not for loan Home library Current library Date acquired Cost, normal purchase price Total Checkouts Full call number Barcode Date last seen Copy number Price effective from Koha item type
        Medical College & Hospital, Sangli Medical College & Hospital, Sangli 28/11/2011 9762.60   618.190754 HAS/BAU MCS-4206 26/07/2023 1 26/07/2023 Book